000
00239nam a2200097Ia 4500
001
1163258
005
20250827011659.0
008
250824s9999 xx 000 0 und d
245
0
_a
TAKILI KALDI
_c
OLIVER JEFFERS
260
_b
KETEBE YAYINLARI
999
_c
1163258
_d
1163258